000 00844nam a2200265Ia 4500
003 OSt
005 20220926020441.0
006 a|||||r|||| 00| 0
007 ta
008 220923b |||||||| |||| 00| 0 eng d
020 _a9781138904293
_c10351.00
037 _b3132, 06/03/2019, The Bookseller
_cGeneral Book
040 _aRTL
_cRTL
_beng
041 _2eng
_aeng
082 _aX:51:(S:44), Q7
100 _aCOCHOY Franck
_9324474
245 0 _aMarkets and the arts of attachment
260 _aNew York
_bRoutledge
_c2017
490 _aRoutledge International Handbooks
650 _aSociology
700 _a DEVILLE Joe
_9324475
700 _a McFALL Liz
_9324476
942 _hX:51:(S:44), Q7
_cGB
_2CC
999 _c634284
_d634284